000 00330nam a2200133Ia 4500
005 20251222155205.0
008 251222s9999||||xx |||||||||||||| ||spa||
082 _aEDUM.14
100 _aCOLOM Antoni.
245 0 _aTeoría e instituciones contemporaneas de la educación
250 _a1ra. ed.
264 _bARIEL
942 _cLIB
999 _c40094
_d40094